Zeitgeist: Addendum

Zeitgeist: Addendum es la continuación del documental Zeitgeist: The Movie. De acuerdo a su director, Peter Joseph, la película intenta identificar las causas radicales de la actual corrupción social dominante, a la vez que ofrece una solución. Al finalizar, Addendum subraya la necesidad de crear si...

Descripción completa

Guardado en:
Autor Principal: Joseph, Peter.
Autor Corporativo: zeitgeistmovie.
Otros Autores: Carlin, George; Reparto., Fresco, Jacque; Reparto., Krishnamurti, Jiddu; Reparto., Paul, Ron; Reparto.
Formato: Deslizar
Idioma:Undetermined
Publicado: Estados Unidos : zeitgeistmovie, 2008.
Materias:
Acceso en línea:https://www.zeitgeistmovie.com
Etiquetas: Agregar Etiqueta
Sin Etiquetas, Sea el primero en etiquetar este registro!
LEADER 01254ngm a22002535a 4500
001 CEM.cems020232
008 230626s2008####xx#---############vlund#d
005 20230705203156.0
245 1 0 |a Zeitgeist: Addendum  |h [videograbación] /  |c Peter Joseph. 
260 |a Estados Unidos :  |b zeitgeistmovie,  |c 2008. 
300 |a 123'. 
520 |a Zeitgeist: Addendum es la continuación del documental Zeitgeist: The Movie. De acuerdo a su director, Peter Joseph, la película intenta identificar las causas radicales de la actual corrupción social dominante, a la vez que ofrece una solución. Al finalizar, Addendum subraya la necesidad de crear sistemas de pensamiento que adopten las ideas de emergencia e interdependencia. 
538 |a Soporte: DVD -- Formato: DVD – Peso: 4.06 gb -- Resolución: 720 x 480 -- 29.97fps 
590 |a Identificación anterior: 79 
100 1 |a Joseph, Peter. 
700 1 |a Carlin, George; Reparto. 
700 1 |a Fresco, Jacque; Reparto. 
700 1 |a Krishnamurti, Jiddu; Reparto. 
700 1 |a Paul, Ron; Reparto. 
710 2 |a zeitgeistmovie. 
653 |a LARGOMETRAJE 
653 |a DOCUMENTAL 
856 |u https://www.zeitgeistmovie.com 
859 |a CEMS  |b BIB. CEMS - Depto. Recursos Didacticos  |h 778.5  |i JOS-1  |k DRD  |p 3035.23  |t Ej.1